000 00954cam a2200253 4500
008 000000n2000 000 0 eng u
020 _a1859460593
035 _a(Sirsi) u106146
050 _a692.8
110 _aRoyal Institute of British Architects
_92527
245 _aArchitect's guide to the contract administration forms for use with JCT Intermediate Form of Building Contract, IFC98.
250 _a2000 ed.
260 _aLondon : RIBA Publications, 2000
300 _a54p. ; 30cm
350 _a13.00
650 _aBUILT ENVIRONMENT-BUILDING CONTRACT FORMS
650 _aCONTRACT ADMINISTRATION FORMS
650 _aJCT STANDARD FORM OF BUILDING CONTRACT (1998 EDITION)
650 _aJCT INTERMEDIATE FORM OF BUILDING CONTRACT FOR WORKS OF SIMPLE CONTENT (1998 EDITION)
650 _aINTERMEDIATE FORM OF BUILDING CONTRACT
690 _aBUILT ENVIRONMENT-BUILDING CONTRACT FORMS
700 _aCox, Stanley
_xEditor
942 _n0
999 _c100528
_d100528